000 00205nam a2200085Ia 4500
008 170620s9999 xx 000 0 und d
100 _aMenon N. R.
245 0 _aHolland on Jurisprudence
260 _bUniversal Law Pub.
260 _c2001
999 _c28582
_d28582